000
00312nam a22001457a 4500
008
230207b ||||| |||| 00| 0 eng d
020
_a
978128547117
041
_a
eng
080
_a
51
082
_a
51LAR
100
_a
20
101
_a
MATEM
245
_a
MATHEMATICAL PRACTICES
_c
LARSON R
942
_2
udc
_c
BK
999
_c
59318
_d
59318